Visualizzazione normale
Vista MARC
- Caroubel Piero Francesco
di Personal Name
Records bibliografici associati: 1
001 - CONTROL NUMBER
- control field: 10731
003 - CONTROL NUMBER IDENTIFIER
- control field: IT-RoPau
005 - DATE AND TIME OF LATEST TRANSACTION
- control field: 20140126155721.0
008 - FIXED-LENGTH DATA ELEMENTS
- fixed length control field: 140126|| aca||aabn | a|a d
040 ## - CATALOGING SOURCE
- Original cataloging agency: IT-RoPau
- Transcribing agency: IT-RoPau
100 ## - HEADING--PERSONAL NAME
- Personal name: Caroubel Piero Francesco
- Dates associated with a name: Codice autore musica SPICS: 15642
- Relator term: Autore musica
- Name of part/section of a work: Terpsichore Musarum: gavotta
670 ## - SOURCE DATA FOUND
- Source citation: Work cat.: (IT-RoPau)98905: AA.VV. 794, Musica per i vostri bambini